| 000 | nam a22 7a 4500 | ||
|---|---|---|---|
| 999 |
_c27756 _d27756 |
||
| 008 | 170210b xxu||||| |||| 00| 0 eng d | ||
| 020 | _a9780321915115 | ||
| 050 | _aQA 135.5 .D65 2015 | ||
| 100 | _aDolan, Dan | ||
| 245 |
_aMathematics Activities: _bfor Elementary Teachers/ _cDan Dolan, Jim Williamson, Mari Muri |
||
| 250 | _a7th ed. | ||
| 260 |
_aBoston: _bPearson, _c2015. |
||
| 300 |
_axxvi,278, (7)p.: _bill.; _c27cm. |
||
| 521 | _aIncludes index. | ||
| 650 | _aMathematics. | ||
| 700 | _aWilliamson, Jim | ||
| 700 | _aMuri, Mari | ||
| 942 |
_2lcc _cBOOKS _hQA 135.5 .D65 2015 |
||